000 00303nam a2200109Ia 4500
100 _aAnthony J. Parel
245 0 _aGandhi’s Philosophy and the Quest for Harmony
264 _bCambridge University Press
_c2006
300 _a226
942 _cIR
999 _c120654
_d120654